000 00745cab a2200265 4500
001 ABS52649
008 090401t1995 xxu||||| |||| 00| 0 eng d
035 _a(Sirsi) u88571
041 _aeng
100 _aMinogue, A.
245 2 _aA wary approach to trusts
260 _c1995
350 _a0
490 _aBuilding
_v260(7887) 7 April 1995, 34(1)
520 _aSuccinct arguments for and against the Latham proposals for trust funds to protect subcontractors` payments.
650 _aInsolvency
_96247
650 _aLATHAM REFORMS
650 _aSUBCONTRACTORS
650 _aTRUST FUNDS
650 _aTRUSTS
690 _aBUILT ENVIRONMENT-BUILDING CONTRACT FORMS
700 _aKlein, R.
942 _n0
948 _c04/03/1997
999 _c55980
_d55980